000 00550cam a2200205 4500
008 090401t1986 xxu||||| |||| 00| 0 eng d
020 _a0851398448
035 _a(Sirsi) u23852
041 _aeng
050 _a692.2
100 _aElder, A.J.
245 _aGuide to the Building Regulations 1985 for England and Wales
260 _aLondon
_bArchitectural Press
_c1986
300 _a288p. : ill. ; 30cm.
350 _a16.95
490 _aLibrary of Building Control
650 _aBUILDING CONTROL
_96222
942 _n0
948 _c04/03/1997
999 _c88461
_d88461